Aikido total: el curso maestro

Uloženo v:
Podrobná bibliografie
Hlavní autoři: Shioda, Gozo (Autor), Shioda, Yasuhisa (Autor)
Médium: Kniha
Jazyk:španělština
Vydáno: Barcelona Paidotribo 2001
Vydání:2a. ed
Témata:
Tagy: Přidat tag
Žádné tagy, Buďte první, kdo vytvoří štítek k tomuto záznamu!

MARC

LEADER 00000nam a2200000 a 4500
001 UCG3310
003 CL-VaPUC
008 100819e20010000SP |||||||||||||||||spa|d
020 |a 8480194294 
082 0 4 |a 796.815  |b SHI  |2 21 
100 0 |a Shioda, Gozo  |e author  |9 552334 
700 0 |a Shioda, Yasuhisa  |e author  |9 552335 
245 1 0 |a Aikido total: el curso maestro 
250 |a 2a. ed 
300 |a 216 p 
942 |c BK 
945 |d 20100819 00:00:00  |a mfarfan 
260 |a Barcelona  |b Paidotribo  |c 2001 
650 0 |a Artes marciales   |9 311835 
650 0 |a Actividad física  |9 362156 
650 7 |a ENTRENAMIENTO FISICO  |2 CL-VaPUC  |9 307393 
650 7 |a DEPORTES DE COMBATE  |2 CL-VaPUC  |9 341527 
583 |a last modification  |c 20100819 00:00:00  |k Rodrigo Vera 
999 |c 342380  |d 342378 
952 |0 0  |1 0  |4 0  |6 796_815000000000000_SHI_2001  |7 0  |8 C  |9 438544  |a BIBCUR  |b BIBCUR  |d 2019-11-22  |i 4708520  |o 796.815 SHI 2001  |p 4708520  |r 2025-04-22  |w 2019-11-22  |y BK  |k DEN